| 000 | 01189nam a22001817a 4500 | ||
|---|---|---|---|
| 999 |
_c59895 _d59895 |
||
| 003 | Ge_BSU | ||
| 005 | 20230508123547.0 | ||
| 008 | 230508s1985 ge ||||| |||| 00| 0 geo d | ||
| 041 | _ageo | ||
| 080 | _a902.2(479.22) ს-32 | ||
| 245 |
_aსაქართველოს არქეოლოგიის საკითხები : _b[სტატიების კრებული]. კრ. 3 / _cივ. ჯავახიშვილის სახ. ისტორიის, არქეოლოგიისა და ეთნოგრაფიის ინ-ტი, არქეოლ. კომისია. |
||
| 264 |
_aთბილისი : _bმეცნიერება, _c1985. |
||
| 300 |
_a129 გვ. : _b17 ფ. ილ. _c26 სმ. |
||
| 520 | _a სტატიების ბოლოს რეზ. რუს. | ||
| 653 | _aარქეოლოგიური გათხრები საქართველოში | ||
| 710 |
_aივ. ჯავახიშვილის სახ. ისტორიის, არქეოლოგიისა და ეთნოგრაფიის ინსტიტუტი. _918024 |
||
| 942 |
_2udc _cBK |
||